Politics and public enterprise in Malaysia 1971-1975 /
Saved in:
| Main Author: | |
|---|---|
| Format: | Thesis Book |
| Language: | English |
| Published: |
1978
|
| Subjects: | |
| Tags: |
Add Tag
No Tags, Be the first to tag this record!
|
| LEADER | 00982cam a2200325 4500 | ||
|---|---|---|---|
| 001 | u36208 | ||
| 003 | SIRSI | ||
| 008 | 850427s1978 at v 0 eng | ||
| 015 | |a X850001418 | ||
| 035 | |a AAD-8988 | ||
| 040 | |a UMM | ||
| 043 | |a a-my--- | ||
| 049 | 0 | 0 | |a mkk |
| 050 | 0 | |a HD4300.6 | |
| 090 | 0 | 0 | |a HD4300.6 |b Gal |c f |d closed stacks |
| 100 | 1 | 0 | |a Gale, Bruce |
| 245 | 1 | 0 | |a Politics and public enterprise in Malaysia 1971-1975 / |c Bruce Gale |
| 260 | |c 1978 | ||
| 300 | |a vi, 279p. : |b tables | ||
| 500 | |a Photocopy. 31cm | ||
| 502 | |a Dissertation (M.A.) - Monash University, 1978 | ||
| 504 | 0 | 0 | |a Bibliography: leaves (264)-279 |
| 650 | 0 | |a Government business enterprises |z Malaysia | |
| 651 | 0 | |a Malaysia |x Economic policy | |
| 651 | 0 | |a Malaysia |x Social policy | |
| 984 | |c closed stacks f HD4300.6.Gal@100626622F | ||
| 998 | 0 | 0 | |a UMM |
| 948 | |a 16/03/1991 |b 10/12/1997 | ||
| 596 | |a 1 | ||
| 999 | |a HD4300.6 GAL [F] |w LC |c 1 |i A002713237 |l STACKS |m P01UTAMA |r Y |s Y |t TESIS |u 24/10/1991 | ||
